Language Quiz

Random Language or Country Quiz

Clickable French Speakers Quiz Stats

Quiz Updated Oct 8, 2014

Challenge
Share
Tweet
Embed
Score 0/29 Timer 05:00
5 Plays Today
% Correct
France
97.5%
Cote d'Ivoire
93.8%
Canada
91.4%
Belgium
91.1%
Luxembourg
85.6%
Monaco
83.5%
Haiti
82%
Switzerland
80.5%
Cameroon
76%
Gabon
71.8%
Senegal
71.2%
Burkina Faso
70.5%
Mali
69.6%
Central African Republic
68.7%
Guinea
68.5%
% Correct
Democratic Republic of the Congo
68.4%
Chad
65.2%
Equatorial Guinea
64.6%
Seychelles
64.2%
Benin
62.8%
Niger
61.9%
Republic of the Congo
61.6%
Djibouti
58.4%
Burundi
54.3%
Madagascar
53.4%
Comoros
51.5%
Togo
49.4%
Rwanda
46.8%
Vanuatu
31.9%

You're not logged in!

Compare scores with friends on all Sporcle quizzes.
Join for Free
OR
Log In

You Might Also Like...

Show Comments

Extras

Top Quizzes Today


Score Distribution

Your Account Isn't Verified!

In order to create a playlist on Sporcle, you need to verify the email address you used during registration. Go to your Sporcle Settings to finish the process.

Report this User

Report this user for behavior that violates our Community Guidelines.

Details: